000 00788nam a2200205 a 4500
008 100330s2005 ||||||||||||||||| || u
020 _a0072931477
050 _aHD 58.7 Mac
100 _aVon Glinow, Mary Ann
245 1 0 _aOrganizational behavior: emerging realities for the work place revolution. (3rd ed.)
250 _a3rd ed.
260 _aBoston:
_bMcGraw-Hill
_c2005
300 _axxxii, 688p.: ill.
350 _a0.00
500 _aAccompanied with a CD-ROM [see CBU Reference Librarian]
650 0 _aMANAGEMENT
650 _aORGANIZATIONAL BEHAVIOUR
700 _aMcShane, Steven L
995 _D0.00
_FCBU-MAIN LIBRARY (Kitwe)
_H1
_I0.00
_M1
_UAVAILABLE
_VMar 11, 2013
_WApr 13, 2010
_ZMain Library Open Access Collection
999 _c52856
_d52856